03661nam a22002897a 4500008004100000020001800041040000800059041000800067041000800075050002100083100003600104240004500140245008800185250001900273260004000292300005900332490003100391504005100422520142600473520126001899650003103159650002903190650003503219942000803254952009403262999001503356250514b |||||||| |||| 00| 0 eng d a9788419878793 ctbs aspa heng aQH375b.M37 2021 aMarletto, Chiara925215eauthor aThe science of can and can't ;lSpanish. aLa ciencia de lo posibleb: física de los mundos alternativosc/ Chiara Marletto. aFirst edition. aMadrid :bEditorial Pinolia,c2024. a233 pages :billustrations (black and white) ;c23 cm. aDivulgación científica aIncludes bibliographical references and index. aExiste una vasta categoría de cosas que la ciencia, hasta ahora, ha descuidado casi por completo. Son fundamentales para comprender la realidad física, tanto a nivel cotidiano como en los fenómenos más básicos de la física, pero tradicionalmente se ha asumido que es imposible incorporarlas a las explicaciones científicas fundamentales. Se trata de hechos no sobre lo que es—lo actual—sino sobre lo que podría ser: los contrafactuales. Según la física Chiara Marletto, las leyes sobre lo que es posible o imposible podrían ofrecer una forma alternativa de proporcionar explicaciones. Este enfoque fascinante y de gran alcance tiene el potencial de revolucionar la manera en que se formula la física fundamental, además de ofrecer herramientas esenciales para enfrentar desafíos tecnológicos actuales, desde el desarrollo de la próxima generación de dispositivos de procesamiento de información, más allá de la computadora cuántica universal, hasta el diseño de inteligencias artificiales. Cada capítulo del libro expone cómo un problema abierto y persistente en la ciencia puede resolverse mediante este enfoque radicalmente distinto; y se complementa con breves relatos de ficción que explican el punto principal del capítulo. Como demuestra Marletto, contemplar lo que es posible puede ofrecernos una visión más completa y esperanzadora del mundo físico. aThere is a vast class of things that science has so far almost entirely neglected. They are central to the understanding of physical reality both at an everyday level and at the level of the most fundamental phenomena in physics, yet have traditionally been assumed to be impossible to incorporate into fundamental scientific explanations. They are facts not about what is--the actual--but about what could be: counterfactuals. According to physicist Chiara Marletto, laws about things being possible or impossible may generate an alternative way of providing explanations. This fascinating, far-reaching approach holds promise for revolutionizing the way fundamental physics is formulated, but also for providing essential tools to face existing technological challenges, from delivering the next generation of information-processing devices, beyond the universal quantum computer, to designing AIs. Each chapter in the book delineates how an existing vexed open problem in science can be solved by this radically different approach; and it is augmented by short fictional stories that explicate the main point of the chapter. As Marletto demonstrates, contemplating what is possible can give us a more complete and hopeful picture of the physical world. 0aSciencexPhilosophy913314 0aNatural selection911117 0aCounterfactuals (Logic)925216 2lcc 00102lcc4070aTBSbTBSd2025-05-14l0oQH375 MARpB05849r2025-05-14t1w2025-05-14y1 c4657d4657